[Event "AUS-ch U12 Girls"]
[Site "Canberra"]
[Date "2007.01.26"]
[Round "11"]
[White "Karibasic, Melanie"]
[Black "Zeng, Yi Jing"]
[Result "1-0"]
[WhiteElo "100"]
[BlackElo "125"]
[PlyCount "61"]
[EventDate "2007.01.14"]
[EventType "swiss"]
[EventRounds "11"]
[EventCountry "AUS"]
[SourceTitle "EXT 2008"]
[Source "ChessBase"]
[SourceDate "2007.11.25"]
[SourceVersion "1"]
[SourceVersionDate "2007.11.25"]
[SourceQuality "1"]

1. Nf3 Nc6 2. g3 Nf6 3. Bg2 e5 4. d3 Bc5 5. Nbd2 d6 6. 0-0 Bg4 7. h3 Bh5 8. g4 Bg6 9. b3 Qe7 10. Bb2 0-0-0 11. Re1 h5 12. g5 Ng4 13. hxg4 h4 14. Bh3 f6 15. gxf6 gxf6 16. e4 d5 17. exd5 f5 18. dxc6 b6 19. Rxe5 Qf6 20. Re3 fxg4 21. Bxg4+ Kb8 22. Bxf6 Bxe3 23. fxe3 Rh6 24. Bxd8 h3 25. Nh2 Bf7 26. Qf3 Be8 27. Qf8 Rxc6 28. Qxe8 Rxc2 29. Bf3 a5 30. Be7+ Ka7 31. Qa8# 1-0

[Event "AUS-ch U12 Girls"]
[Site "Canberra"]
[Date "2007.01.24"]
[Round "9"]
[White "Karibasic, Melanie"]
[Black "Simmonds, Leteisha Simone"]
[Result "0-1"]
[WhiteElo "100"]
[BlackElo "499"]
[PlyCount "104"]
[EventDate "2007.01.14"]
[EventType "swiss"]
[EventRounds "11"]
[EventCountry "AUS"]
[SourceTitle "EXT 2008"]
[Source "ChessBase"]
[SourceDate "2007.11.25"]
[SourceVersion "1"]
[SourceVersionDate "2007.11.25"]
[SourceQuality "1"]

1. e4 c6 2. d4 d5 3. Nc3 dxe4 4. Nxe4 Bf5 5. Ng3 Bg6 6. Nh3 Nf6 7. Nf4 e6 8. h4 h6 9. h5 Bh7 10. Be3 Nbd7 11. Be2 Nb6 12. c3 Bd6 13. Qd2 Bc7 14. 0-0-0 Qd7 15. f3 Nbd5 16. Rh2 Nxf4 17. Bxf4 Nd5 18. Bxc7 Qxc7 19. Nf1 Qf4 20. g3 Qxd2+ 21. Rxd2 Ke7 22. Rd1 a5 23. Kd2 b6 24. Ne3 Nxe3 25. Kxe3 Kd6 26. Bd3 Bxd3 27. Rxd3 a4 28. a3 Rhd8 29. Ke4 f5+ 30. Kf4 Kd5 31. g4 c5 32. dxc5+ Kxc5 33. Rxd8 Rxd8 34. g5 Rd1 35. gxh6 gxh6 36. Ke5 Rf1 37. Kxe6 Rxf3 38. Kf6 f4 39. Kg6 Kd5 40. Kxh6 Ke6 41. Kg6 Rg3+ 42. Kh7 Kf7 43. h6 f3 44. Kh8 Rg6 45. h7 Rf6 46. c4 f2 47. b4 axb3 48. Rxf2 Rxf2 49. c5 bxc5 50. a4 b2 51. a5 b1Q 52. a6 Qa1# 0-1

[Event "AUS-ch U12 Girls"]
[Site "Canberra"]
[Date "2007.01.21"]
[Round "7"]
[White "Karibasic, Melanie"]
[Black "Mayo, Elee"]
[Result "0-1"]
[WhiteElo "100"]
[BlackElo "484"]
[PlyCount "62"]
[EventDate "2007.01.14"]
[EventType "swiss"]
[EventRounds "11"]
[EventCountry "AUS"]
[SourceTitle "EXT 2008"]
[Source "ChessBase"]
[SourceDate "2007.11.25"]
[SourceVersion "1"]
[SourceVersionDate "2007.11.25"]
[SourceQuality "1"]

1. d4 d5 2. Nf3 Nf6 3. e3 Nc6 4. Bd3 Bg4 5. h3 Bh5 6. g4 Bg6 7. Bxg6 hxg6 8. Nbd2 Nxg4 9. b3 e6 10. Ne5 Ngxe5 11. dxe5 f6 12. exf6 gxf6 13. Bb2 e5 14. Qe2 Qd7 15. Qf3 f5 16. Qg2 Rh6 17. Qg5 Nb4 18. 0-0-0 Qe6 19. Kb1 Rh5 20. Qg2 0-0-0 21. c4 e4 22. Nf1 Qa6 23. a3 Nd3 24. Ng3 Nxb2 25. Kxb2 Qxa3+ 26. Kc2 Bg7 27. Rxd5 Qb2+ 28. Kd1 Rxd5+ 29. cxd5 Rh8 30. f3 Qxg2 31. fxe4 Qxg3 0-1

[Event "AUS-ch U12 Girls"]
[Site "Canberra"]
[Date "2007.01.16"]
[Round "3"]
[White "Setiabudi, Megan"]
[Black "Karibasic, Melanie"]
[Result "1-0"]
[WhiteElo "1101"]
[BlackElo "100"]
[PlyCount "65"]
[EventDate "2007.01.14"]
[EventType "swiss"]
[EventRounds "11"]
[EventCountry "AUS"]
[SourceTitle "EXT 2008"]
[Source "ChessBase"]
[SourceDate "2007.11.25"]
[SourceVersion "1"]
[SourceVersionDate "2007.11.25"]
[SourceQuality "1"]

1. e4 c5 2. Na3 Nc6 3. Bb5 g6 4. c3 Bg7 5. d3 Nf6 6. f4 a6 7. Bxc6 dxc6 8. Nf3 0-0 9. 0-0 Bd7 10. Be3 b6 11. h3 Qc8 12. Qe1 Bxh3 13. gxh3 Qxh3 14. Qh4 Qd7 15. Rad1 Ng4 16. Bc1 Bf6 17. Qh3 h5 18. Nc4 Rab8 19. Qg3 b5 20. Nce5 Qc8 21. Nxg4 hxg4 22. Nh4 Kg7 23. e5 Bxh4 24. Qxh4 Rh8 25. Qxe7 g3 26. Qf6+ Kg8 27. f5 Rh1+ 28. Kxh1 Kh7 29. Qxf7+ Kh8 30. Qf6+ Kg8 31. Qxg6+ Kh8 32. Kg2 Qe8 33. Rh1# 1-0